000 01027cam a2200265 i 4500
001 8134
003 BD-RjUL
005 20211208234529.0
008 140116s1975 ii b 001 0 eng
035 _a(BD-RjUL)8179
040 _aDLC
_cDLC
_dDLC
_dBD-RjUL
_beng
041 _aeng
082 0 0 _a330.072054
_bSUV 1975-1977
245 0 2 _aA Survey of research in economics /
_cIndian Council of Social Science Research.
260 _aBombay :
_bAllied Publishers,
_c1975-1977
300 _aV. ;
_c25 cm.
500 _a"A project sponsored by the Indian Council of Social Science Research, New Delhi."
504 _aIncludes bibliographies and indexes.
505 0 _av. 1. Methods & techniques.----v. 2. Macroeconomics.--v. 3-4. Agriculture.--v. 5. Industry.--v. 6. Infrastructure.--v. 7. Econometrics.
650 0 _aSocial sciences
_xResearch
_zIndia.
_913544
651 0 _aIndia
_xEconomic conditions
_y1947-
_925342
710 2 _aIndian Council of Social Science Research.
_914710
942 _2ddc
_cBK
999 _c8134
_d8134